Výroba xantánovej gumy bakteriálnou kultiváciou bakalárska práca

Salvato in:
Dettagli Bibliografici
Autore principale: Dobiašová, Hana
Natura: Libro
Lingua:slovacco
Pubblicazione: Bratislava STU FCHPT 2017
Accesso online:Visualizza in OPAC
Tags: Aggiungi Tag
Nessun Tag, puoi essere il primo ad aggiungerne!!

MARC

LEADER 00000nam a2200000 a 4500
005 20260127134236.0
008 171127 2017 xo 001 0 slo d
035 |a vtls011722658 
039 9 |y 201711271225  |z mschk03 
040 |a STUSCHK1  |b slo  |c STUSCHK1  |e AACR2 
100 1 |a Dobiašová, Hana 
245 1 |a Výroba xantánovej gumy bakteriálnou kultiváciou  |b bakalárska práca  |c Hana Dobiašová 
260 |a Bratislava  |b STU FCHPT  |c 2017 
300 |a 53 s.  |b il.  |c 25 cm 
500 |a Študijný program: chemické inžinierstvo 
500 |a Študijný odbor: chemické inžinierstvo 
500 |a Školiace pracovisko: Oddelenie chemického a biochemického inžinierstva 
500 |a Evid. číslo: FCHPT-5431-76782 
910 |a SCHK95 
999 |c 7634  |d 7634